000 01050nam0a22002891 4500
001 RU\NLR\A1SV\130139
005 20251203171251.9
035 _a(NLR Aleph) 010520904
090 _a10213652
_c10213652
100 _a20141023d1919 u y0rusy50 ca
101 0 _arus
102 _aRU
200 1 _aХристианство первых веков
_e(Пер. с англ.)
_fКрат. очерк, сост. Джейн Хола
_gПод ред. В.Г.Черткова
_gО-во истин. свободы в память Л.Н.Толстого
210 _aМ.
_cО-во истин. свободы в память Л.Н.Толстого
_cЕдинение
_d1919
215 _a32 с.
_d17 см
311 _aПрил. к изд.: Мысли о вере Л.Н.Толстого
620 _dМосква
700 1 _aХола
_bД.
_gДжейн
702 1 _aЧертков
_bВ.Г.
801 0 _aRU
_bNLR
_c20141023
852 _aNLR
_j37.74.6.340
899 _aРГБ
899 _aГИМ
942 _cBOOK
980 _aNB
980 _aA1SV